Conspiracy Theories, Social Media, and Trust in Institutions in Three Central European Countries

Mnohí považujú sociálne médiá za živnú pôdu pre konšpiračné teórie, ktorých algoritmy umožňujú ich rýchle šírenie. Iní tvrdia, že dôvodom šírenia konšpiračných teórií sú iné základné faktory, ako napríklad nedôvera v inštitúcie. Štúdia skúma vzťah medzi vierou v konšpiračné teórie, používaním sociál...

ver descrição completa

Na minha lista:
Detalhes bibliográficos
Autor principal: Mrva, Marianna
Outros Autores: Szabó, Tímea
Formato: Capítulo de Livro
Idioma:inglês
Assuntos:
Tags: Adicionar Tag
Sem tags, seja o primeiro a adicionar uma tag!

MARC

LEADER 00000naa a2200000 4500
001 0313256
005 20260325123403.5
041 0 |a eng 
044 |a SK 
245 1 0 |a Conspiracy Theories, Social Media, and Trust in Institutions in Three Central European Countries  |c Marianna Mrva, Tímea Szabó 
520 |a Mnohí považujú sociálne médiá za živnú pôdu pre konšpiračné teórie, ktorých algoritmy umožňujú ich rýchle šírenie. Iní tvrdia, že dôvodom šírenia konšpiračných teórií sú iné základné faktory, ako napríklad nedôvera v inštitúcie. Štúdia skúma vzťah medzi vierou v konšpiračné teórie, používaním sociálnych médií a dôverou v inštitúcie v troch stredoeurópskych krajinách: Českej republike, Maďarsku a Slovensku. Umožňuje tak lepšie pochopiť sociálne faktory, ktoré prispievajú k šíreniu konšpiračných teórií a poukazuje na dôležitosť miestneho sociopolitického kontextu. 
610 2 0 |a médiá sociálne 
610 2 0 |a komunikácia sociálna 
610 2 0 |a inštitúcie verejnoprávne 
610 2 0 |a dôvera 
610 2 0 |a politika 
610 2 0 |a stredná Európa 
610 2 0 |a štúdie 
610 2 0 |a teórie konšpiračné 
100 1 |a Mrva, Marianna 
700 1 |a Szabó, Tímea